000 00544nam a2200169Ia 4500
003 GCL
008 140319s9999 xx 000 0 ara d
040 _aGCL /
_cGCL
082 0 4 _aم
_b413.1
_bا م
100 1 _aانطوان الدحداح
245 1 0 _aمعجم تصريف الافعال العربية /
_cانطوان الدحداح
300 _a522 ص
650 0 4 _aاللغة العربية - الالفاظ
650 0 4 _aاللغة العربية - النحو
650 0 4 _aاللغة العربية - الصرف
942 _2ddc
_cREF
999 _c59644
_d59644